000 00900nac a22002891i 4500
003 EG-ScBUE
005 20230319114841.0
008 230319t1998 ilua f b 000 0 eng d
020 _a0880118075
020 _a9780880118071
040 _aEG-ScBUE
_beng
_erda
_cEG-ScBUE
_dEG-ScBUE
082 0 4 _a796
_bHUM
_222
110 2 _aHuman Kinetics (Organization)
_eauthor.
245 1 4 _aThe sports rules book /
_cHuman Kinetics with Thomas Hanlon.
264 1 _aChampaign, IL :
_bHuman Kinetics Publishers,
_c[1998]
264 4 _cc1998
300 _aix, 372 pages :
_billustrations ;
_c28 cm
336 _2rdacontent
_atext
_btxt
337 _2rdamedia
_aunmediated
_bn
338 _2rdacarrier
_avolume
_bnc
504 _aIncludes bibliographical references.
650 7 _aSports
_xRules.
_2BUEsh
653 _bGGEN
655 _vReading book
700 1 _aHanlon, Thomas W.,
_eauthor.
942 _cBB
_2ddc
999 _c6325
_d6325